| Tag |
First Indicator |
Second Indicator |
Subfields |
| LEADER |
00000cam a2200000Ma 4500 |
| 001 |
in00002013739 |
| 005 |
20151031143510.0 |
| 008 |
990118s1994 it a b 001 0 ita d |
| 035 |
|
|
|a (OCoLC)ocm41919197
|
| 040 |
|
|
|a COO
|c COO
|d UtOrBLW
|
| 041 |
0 |
|
|a ita
|b eng
|
| 043 |
|
|
|a a-ir---
|a a-tu---
|
| 049 |
|
|
|a TXAM
|
| 050 |
|
4 |
|a QL561.C58
|b B35 1994
|
| 100 |
1 |
|
|a Baldizzone, Giorgio.
|
| 245 |
1 |
0 |
|a Coleophoridae dell' area Irano-Anatolica e regioni limitrofe (Lepidoptera) /
|c Giorgio Baldizzone.
|
| 264 |
|
1 |
|a [Bra, Italy] :
|b Associazione naturalistica piemontese ;
|c 1994.
|
| 264 |
|
2 |
|a Stenstrup, Denmark :
|b Distributore esclusivo, Apollo Books,
|
| 300 |
|
|
|a 423 pages :
|b illustrations ;
|c 24 cm.
|
| 336 |
|
|
|a text
|b txt
|2 rdacontent
|
| 337 |
|
|
|a unmediated
|b n
|2 rdamedia
|
| 338 |
|
|
|a volume
|b nc
|2 rdacarrier
|
| 490 |
1 |
|
|a Contribuzioni alla conoscenza dei Coleophoridae ;
|v 75
|
| 490 |
1 |
|
|a Memorie ;
|v vol. 3
|
| 500 |
|
|
|a Summary also in English.
|
| 504 |
|
|
|a Includes bibliographical references (pages 241-245) and index.
|
| 650 |
|
0 |
|a Coleophoridae
|z Iran.
|
| 650 |
|
0 |
|a Coleophoridae
|z Turkey.
|
| 710 |
2 |
|
|a Associazione naturalistica piemontese.
|
| 830 |
|
0 |
|a Contribuzioni alla conoscenza dei Coleophoridae ;
|v 75.
|
| 830 |
|
0 |
|a Memorie (Associazione naturalistica piemontese) ;
|v v. 3.
|
| 994 |
|
|
|a C0
|b TXA
|
| 948 |
|
|
|a cataloged
|b h
|c 2005/3/1
|d c
|e bwalker
|f 11:09:08 am
|
| 999 |
|
|
|a MARS
|
| 999 |
f |
f |
|s 8ee6f9b3-f93c-3c69-9e43-86b2c742697c
|i 145a9024-83d8-3ab3-a417-688efeaa70b1
|t 0
|
| 952 |
f |
f |
|p ric
|a Texas A&M University
|b Rellis Campus
|c Joint Library Facility
|d Remote Storage
|t 0
|e QL561.C58 B35 1994
|h Library of Congress classification
|i unmediated -- volume
|m A14832285950
|
| 998 |
f |
f |
|a QL561.C58 B35 1994
|t 0
|l Remote Storage
|